000 00809nam a2200265 i 4500
001 92666
003 ES-MaACL
005 20230906181028.0
007 t|
008 050414s1980 sp ||||1| spa d
020 _a84-7082-108-3
080 _a821.14-1"-07"
100 1 _aHesíodo.
_963451
245 1 4 _aLos trabajos y los días ; La teogonía ; El escudo de Heracles /
_cHesíodo ; versión... María Josefa Lecluyse y Enrique Palau.
260 _aBarcelona :
_bIberia,
_c[1980]
300 _a199 p. ;
_c18 cm.
490 1 _aObras maestras
700 1 _aLecluyse, María Josefa.
_971100
700 1 _aPalau, Enrique.
_988486
740 3 _aLa teogonía.
740 3 _aEl escudo de Heracles.
830 0 _aObras maestras
_9181001
852 _aES-MaACL
_jE-10953
_bR.135813
999 _c92666
_d92666